000 00202nam a22000977a 4500
999 _c15856
_d15856
003 OSt
008 191022b ||||| |||| 00| 0 eng d
100 _aVallathole.
_94352
245 _aOru Kunj
942 _cBK